Responses for Show #4275 - Friday, March 14, 2003

Contestants

[<< previous game]

Layla Anson, an administrative coordinator from Redmond, Washington

Amanda Potocky, a senior clinical data coordinator from Cary, North Carolina

Amir Marouni, a pre-med student from Austin, Texas (whose 1-day cash winnings total $6,199)

[next game >>]

Jeopardy! Round responses

"SA"
A RIVER RUNS THROUGH IT
(Alex: We'll tell you what the river runs through; you identify the river for us.)
CUSTOMS & TRADITIONS
QUIPS
PORGY-POURRI
MISSED IT BY THAT MUCH...
    $200 6
sand

Layla
    $200 11
Danube

Amanda
    $200 21
Victoria

Layla
    $200 16
Steve Martin

Amir
    $200 26
George Gershwin

Amanda
    $200 1
George Lucas

Amanda
    $400 7
safety

Layla
    $400 12
(Layla: What is the Erie?)

Hudson

AmandaLayla
    $400 22
sword

Amanda
    $400 17
Zsa Zsa Gabor

Amir
    $400 27
Maya Angelou

Amir
    $400 2
Monopoly

Amir
    $600 8
sallow

Layla
    $600 13
(Amir: What is the Rhone?)

Rhine

AmirAmanda
    $600 23
jumping over the net

Amir
    $600 18
Woody Allen

Amir
    $600 28
Washington, D.C.

Amanda
    $600 3
Fig Newton

Layla
    $800 9
sable

Layla
    $800 14
(Amanda: What is the Liffey?)

Shannon

Amanda
Triple Stumper
    $800 24
dalmatians

Amanda
    $800 19
Gloria Steinem

Amanda
    $800 29
Sidney Poitier

Triple Stumper
    $800 4
Meet the Press

Amir
    $1000 10
salacious

Layla
    $1000 15
Seine

Triple Stumper
    $1,000 25
(Alex: Minute to go now.)

State of the Union Address

Amanda
    $1000 20
Jack Kerouac

Amanda
    $1000 30
Charleston, South Carolina

Triple Stumper
    $1000 5
George Eastman

Amir

Scores at the first commercial break (after clue 15):

Amir Amanda Layla
$1,600 $600 $3,200

Scores at the end of the Jeopardy! Round:

Amir Amanda Layla
$3,800 $5,400 $3,400

Double Jeopardy! Round responses

ESSAY
MUSICAL NICKNAMES
ARTISTS IN FRANCE
INTERIOR DESIGN
THE 13th CENTURY
(Alex: Wasn't that a great one?)
"F" TROOP
(Alex: Wasn't that a great one also?)
    $400 11
Benjamin Franklin

Triple Stumper
    $400 6
Count

Amir
    $400 21
Pablo Picasso

Amir
    $400 16
chandelier

Amanda
    $400 23
Magna Carta

Amanda
    $400 1
Brett Favre

Layla
    $1,500 12
George Will

Amir
    $800 7
Duke

Amanda
    $800 22
(Layla: Who is David?)

Auguste Rodin

Layla
Triple Stumper
    $800 17
dumbwaiter

Layla
    $800 24
(Layla: What is Vatican City?)
....
(Alex: Minute to go.)

Florence

AmandaLayla
    $800 2
feeding frenzy

Amanda
    $1200 13
Voltaire

Triple Stumper
    $1200 8
Hoagy

Amanda
    $1,000 28
Claude Monet

Amir
    $1200 18
leaf

Layla
    $1200 25
Hungary

Amanda
    $1200 3
Funk

Layla
    $1600 14
formal

Triple Stumper
    $1600 9
Cannonball

Triple Stumper
    $1600 29
[The end-of-round signal sounds.]

Vincent Van Gogh

Amir
    $1600 19
Anne

Amanda
    $1600 26
Venice

Triple Stumper
    $1600 4
Fiji

Layla
    $2000 15
T.S. Eliot

Triple Stumper
    $2000 10
(Amanda: What is Birdman?)
....
(Alex: Our researchers have found a number of references to Charlie Parker as "Birdman", so you're credited with a correct response.)

Bird

AmirAmanda
    $2000 20
boudoir

Layla
    $2000 27
Hanseatic League

Amir
    $2000 5
foolish

Amir

Scores at the end of the Double Jeopardy! Round:

Amir Amanda Layla
$14,700 $14,600 $9,000

[wagering suggestions for these scores]

Final Jeopardy! Round responses

THE MOVIES
(Alex: After seeing that, I went out and tried to make some of those trick shots, but couldn't do them!)
...
(Alex: Amir, you went for the sequel, which was made many years later.)
LaylaWhat is ? The Hustler
$0
AmandaWhat is The Hustler
$3,401
AmirWhat is the Color of Money?
$3,400
The Hustler

Final scores:

Amir Amanda Layla
$11,300 $18,001 $9,000
2nd place: $2,000 New champion: $18,001 3rd place: $1,000

Game dynamics:

Coryat scores:

Amir Amanda Layla
$14,200 $14,600 $9,000
16 R
(including 2 DDs),
1 W
20 R
(including 1 DD),
1 W
13 R,
3 W

Combined Coryat: $37,800

[game clues] [game scores] [suggest correction]

Game tape date: 2002-11-17
The J! Archive is created by fans, for fans. Scraping, republication, monetization, and malicious use prohibited; this site may use cookies and collect identifying information. See terms. The Jeopardy! game show and all elements thereof, including but not limited to copyright and trademark thereto, are the property of Jeopardy Productions, Inc. and are protected under law. This website is not affiliated with, sponsored by, or operated by Jeopardy Productions, Inc. Join the discussion at JBoard.tv.